MARC details
| 000 -LEADER |
| fixed length control field |
03972cam a2200517 i 4500 |
| 001 - CONTROL NUMBER |
| JCCL Control Number |
14078 |
| 003 - CONTROL NUMBER IDENTIFIER |
| JCCL marc code |
BD-JhCC |
| 005 - DATE AND TIME OF LATEST TRANSACTION |
| control field |
20240919105703.0 |
| 008 - FIXED-LENGTH DATA ELEMENTS--GENERAL INFORMATION |
| fixed length control field |
220526t20092009caua b 000 0 eng |
| 020 ## - INTERNATIONAL STANDARD BOOK NUMBER |
| International Standard Book Number |
9780974320625 |
| 020 ## - INTERNATIONAL STANDARD BOOK NUMBER |
| International Standard Book Number |
0974320625 |
| 035 ## - SYSTEM CONTROL NUMBER |
| system control number |
(OCoLC)14078 |
| 040 ## - CATALOGING SOURCE |
| Original cataloging agency |
BTCTA |
| Transcribing agency |
BTCTA |
| Description conventions |
rda |
| Modifying agency |
ILM |
| -- |
BWX |
| -- |
OCLCQ |
| -- |
SINIE |
| -- |
VP@ |
| -- |
ILC |
| -- |
DEBSZ |
| -- |
YDXCP |
| -- |
VET |
| -- |
BDX |
| -- |
TULIB |
| -- |
OCLCF |
| -- |
VZD |
| -- |
OCLCQ |
| -- |
OCLCO |
| -- |
RB0 |
| -- |
OCLCQ |
| -- |
BEDGE |
| -- |
LTP |
| -- |
CNGUL |
| -- |
OCLCO |
| -- |
MND |
| -- |
I8M |
| -- |
OCLCO |
| -- |
N$V |
| -- |
OCLCO |
| -- |
TUL |
| -- |
UZ0 |
| -- |
OCLCO |
| -- |
NTX |
| -- |
BYV |
| -- |
DHA |
| -- |
P@N |
| -- |
TAW |
| -- |
OCLCO |
| -- |
CSJ |
| -- |
OCLCO |
| -- |
OCLCQ |
| -- |
OCLCO |
| -- |
OCLCQ |
| -- |
DMY |
| -- |
QQ3 |
| -- |
MOF |
| -- |
OCLCO |
| -- |
GILDS |
| -- |
OCLCO |
| -- |
HMG |
| -- |
RVA |
| -- |
CPO |
| -- |
P4A |
| -- |
OCLCO |
| -- |
FB3 |
| -- |
CPS |
| -- |
S#L |
| -- |
IGA |
| -- |
OCLCO |
| -- |
WW9 |
| -- |
TOF |
| -- |
BHL |
| -- |
OCLCO |
| -- |
FYM |
| -- |
OCLCO |
| -- |
OCLCA |
| -- |
IWU |
| -- |
OCLCO |
| -- |
IHT |
| -- |
OCLCA |
| -- |
OCLCQ |
| -- |
GAVCL |
| -- |
OCLCQ |
| -- |
OCLCO |
| -- |
BBW |
| -- |
OCLCO |
| -- |
DLC |
| 041 ## - LANGUAGE CODE |
| Language code of Book |
eng |
| 050 00 - LIBRARY OF CONGRESS CALL NUMBER |
| Classification number |
BF576 |
| Item number |
.B72 2009 |
| 082 04 - DEWEY DECIMAL CLASSIFICATION NUMBER |
| Classification number |
152.4 |
| DDC Edition number |
23 |
| Author mark and Year |
BRA 2009 |
| 100 1# - MAIN ENTRY--PERSONAL NAME |
| Personal name |
Bradberry, Travis, |
| 245 10 - TITLE STATEMENT |
| Title |
Emotional intelligence 2.0 / |
| Statement of responsibility, etc |
Travis Bradberry & Jean Greaves . |
| 260 ## - PUBLICATION, DISTRIBUTION, ETC. (IMPRINT) |
| Place of publication, distribution, etc |
San Diego: |
| Name of publisher, distributor, etc |
TalentSmart, |
| Date of publication, distribution, etc |
2009. |
| 300 ## - PHYSICAL DESCRIPTION |
| Pagination |
xvii, 255 pages : |
| Other physical details |
illustrations ; |
| Dimensions |
19 cm |
| 500 ## - GENERAL NOTE |
| General note |
"Includes a new & enhanced online edition of the world's most popular emotional intelligence test." |
| 504 ## - BIBLIOGRAPHY, ETC. NOTE |
| Bibliography, etc |
Includes bibliographical references (pages 251-255). |
| 505 00 - FORMATTED CONTENTS NOTE |
| Title |
Journey -- |
| -- |
Big Picture -- |
| -- |
What Emotional Intelligence looks Like: Understanding the Four Skills -- |
| -- |
Digging In: An Action Plan to Increase Your EQ -- |
| -- |
Self-Awareness Strategies -- |
| -- |
Self-Management Strategies -- |
| -- |
Social Awareness Strategies -- |
| -- |
Relationship Management Strategies -- |
| -- |
Discussion Questions for Reading Groups. |
| 520 ## - SUMMARY, ETC. |
| Summary, etc |
"Knowing what emotional intelligence is, and knowing how to use it to improve your life, are two very different things." --Publisher. |
| 520 ## - SUMMARY, ETC. |
| Summary, etc |
In today's fast-paced world of competitive workplaces and turbulent economic conditions, each of us is searching for effective tools that can help us manage, adapt, and strike out ahead of the pack. By now, emotional intelligence (EQ) needs little introduction--it's no secret that EQ is critical to your success. But knowing what emotional intelligence is and knowing how to use it to improve your life are two very different things. Emotional Intelligence 2.0 delivers a step-by-step program for increasing your emotional intelligence using the four core EQ skills--self-awareness, self-management--to exceed your goals and achieve your fullest potential. For the first time ever in a book, Drs. Bradberry and Greaves unveil Talent Smart's revolutionary program to help people identify their EQ skills, build these skills into strengths, and enjoy consistent performance in the pursuit of important life objectives. This book contains proven strategies from a decade-long effort to accurately measure and increase emotional intelligence. Trusted by upper-echelon leaders inside companies worldwide, these strategies will enable you to capitalize on the skills responsible for 58% of performance in all types of jobs--from dust jacket. |
| 650 #0 - SUBJECT ADDED ENTRY--TOPICAL TERM |
| Topical term or geographic name as entry element |
Emotional intelligence. |
| 650 #2 - SUBJECT ADDED ENTRY--TOPICAL TERM |
| Topical term or geographic name as entry element |
Emotional Intelligence |
| 650 #6 - SUBJECT ADDED ENTRY--TOPICAL TERM |
| Topical term or geographic name as entry element |
Intelligence émotionnelle. |
| 650 #7 - SUBJECT ADDED ENTRY--TOPICAL TERM |
| Topical term or geographic name as entry element |
BUSINESS & ECONOMICS / Leadership. |
| 650 #7 - SUBJECT ADDED ENTRY--TOPICAL TERM |
| Topical term or geographic name as entry element |
BUSINESS & ECONOMICS / Motivational. |
| 650 #7 - SUBJECT ADDED ENTRY--TOPICAL TERM |
| Topical term or geographic name as entry element |
BUSINESS & ECONOMICS / Skills. |
| 650 #7 - SUBJECT ADDED ENTRY--TOPICAL TERM |
| Topical term or geographic name as entry element |
SELF-HELP / Personal Growth / Success. |
| 650 #7 - SUBJECT ADDED ENTRY--TOPICAL TERM |
| Topical term or geographic name as entry element |
Emotional intelligence. |
| 650 #7 - SUBJECT ADDED ENTRY--TOPICAL TERM |
| Topical term or geographic name as entry element |
Intelligence émotionnelle. |
| 650 #7 - SUBJECT ADDED ENTRY--TOPICAL TERM |
| Topical term or geographic name as entry element |
Aspects psychologiques. |
| 650 #7 - SUBJECT ADDED ENTRY--TOPICAL TERM |
| Topical term or geographic name as entry element |
Développement d'aptitudes. |
| 650 #7 - SUBJECT ADDED ENTRY--TOPICAL TERM |
| Topical term or geographic name as entry element |
Développement personnel. |
| 650 #7 - SUBJECT ADDED ENTRY--TOPICAL TERM |
| Topical term or geographic name as entry element |
Relations humaines. |
| 650 #7 - SUBJECT ADDED ENTRY--TOPICAL TERM |
| Topical term or geographic name as entry element |
Emotional intelligence. |
| 655 #4 - |
| Genre/form data or focus term |
Nonfiction. |
| 700 1# - ADDED ENTRY--PERSONAL NAME |
| Personal name |
Greaves, Jean, |
| 700 1# - ADDED ENTRY--PERSONAL NAME |
| Personal name |
Lencioni, Patrick, |
| Dates associated with a name |
1965- |
| 856 41 - ELECTRONIC LOCATION AND ACCESS |
| Materials specified |
Table of contents |
| Electronic format type |
application/pdf |
| Uniform Resource Identifier |
http://swbplus.bsz-bw.de/bsz314834796inh.htm |
| Hours access method available |
20100120143328 |
| 942 ## - ADDED ENTRY ELEMENTS (KOHA) |
| Source of classification or shelving scheme |
Dewey Decimal Classification |
| Koha item type |
Books |